000 00589nam a2200181Ia 4500
005 20250423101631.0
008 250422s9999 xx 000 0 und d
020 _a9783030654207
050 _aNA 2542.35 .U73/
100 _aEdited by Palme, Massimo and Salvati, Agnese
245 0 _aUrban Microclimate Modelling for Comfort and Energy Studies
260 _aSwitzerland
260 _bSpringer
260 _c2023
300 _a266 p
650 _aArchitecture--Environmental aspects. City planning--Climatic factors. Architecture--Environmental aspects--Case studies.
942 _cBK
999 _c36819
_d36819